Statistiche per Acquisti più costosi - Real Madrid

Clicka qui per fare il quiz!

Statistiche generali

  • Questo quiz è stato fatto 78 volte
  • Il punteggio medio è 16 su 21

Statistiche sulle risposte

Costo (M €)DaNazioneAnnoCalciatore% Corretto
115ChelseaBelgio2019Eden Hazard
100%
101TottenhamGalles2013Gareth Bale
100%
45InterBrasile2002Ronaldo
99%
94Manchester UnitedPortogallo2009Cristiano Ronaldo
94%
35TottenhamCroazia2012Luka Modrić
94%
77,50JuventusFrancia2001Zinédine Zidane
93%
60BarcellonaPortogallo2000Luis Figo
90%
45FlamengoBrasile2018Vinicius Jr
88%
67MilanBrasile2009Kakà
86%
75MonacoColombia2014James Rodríguez
82%
63Eintracht FrancoforteSerbia2019Luka Jović
81%
38InterCroazia2015Mateo Kovačić
81%
35Olympique LioneFrancia2009Karim Benzema
79%
45SantosBrasile2019Rodrygo
78%
80MonacoFrancia2022Aurélien Tchouameni
75%
37,50Manchester UnitedInghilterra2003David Beckham
67%
35ChelseaBelgio2018Thibaut Courtois
67%
50PortoBrasile2019Éder Militão
61%
35ChelseaPaesi Basi2007Arjen Robben
49%
48Olympique LioneFrancia2019Ferland Mendy
47%
35ArsenalFrancia1999Nicolas Anelka
14%

Distribuzione punteggi

Percentile per numero di risposta

Percentuale di utenti per punteggio

I tuoi punteggi nel tempo

Non hai fatto questo quiz